European Countries Ending in 'Y' Quiz Stats

 Plays Quiz Updated Aug 13, 2016

Challenge
Share
Tweet
Embed
Score 0/6 Timer 01:30
22 Plays Today
% Correct
Italy
91.1%
Germany
89.9%
Norway
80.7%
Hungary
80.4%
Turkey
77.4%
Vatican City
55.7%

You're not logged in!

Compare scores with friends on all Sporcle quizzes.
OR
Log In

You Might Also Like...

Show Comments

Extras

Top Quizzes Today


Score Distribution

Your Account Isn't Verified!

In order to create a playlist on Sporcle, you need to verify the email address you used during registration. Go to your Sporcle Settings to finish the process.

Report this User

Report this user for behavior that violates our Community Guidelines.

Details: